Top 10 Jeopardy! Champions - Statistics

General Stats
  • This quiz has been taken 119 times
  • The average score is 3 of 10
Answer Stats
Consecutive Games Won Champion % Correct
74 Ken Jennings
97%
32 James Holzhauer
60%
11 Arthur Chu
21%
20 Julia Collins
21%
12 Austin Rogers
20%
13 Matt Jackson
18%
19 Jason Zuffranieri
14%
19 David Madden
11%
12 Seth Wilson
7%
9 Jason Keller
2%
No matching quizzes found
Score Distribution
Percent of People with Each Score
Percentile by Number Answered
Your Score History
You have not taken this quiz